RB Leipzig - Paris Saint-Germain Champions League 2019-20 - Statistics

General Stats
  • This quiz has been taken 116 times
  • The average score is 20 of 33
Answer Stats
Player % Correct
Kylian Mbappé
94%
Neymar
94%
Marquinhos ¹
89%
Presnel Kimpembe
88%
Ángel Di María ¹
87%
Thiago Silva
84%
Marco Verratti
80%
Thomas Tuchel
76%
Juan Bernat ¹
75%
Péter Gulácsi
74%
Christopher Nkunku
70%
Dayot Upamecano
70%
Yussuf Poulsen
68%
Thilo Kehrer
66%
Ander Herrera
64%
Sergio Rico
61%
Nordi Mukiele
60%
Angeliño
57%
Marcel Sabitzer
57%
Leandro Paredes
56%
Emil Forsberg
54%
Julian Nagelsmann
54%
Konrad Laimer
54%
Dani Olmo
49%
Lukas Klostermann
49%
Eric Maxim Choupo-Moting
46%
Willi Orban
42%
Kevin Kampl
41%
Marcel Halstenberg
41%
Julian Draxler
39%
Tyler Adams
34%
Pablo Sarabia
31%
Patrik Schick
19%
No matching quizzes found
Score Distribution
Percent of People with Each Score
Percentile by Number Answered
Your Score History
You have not taken this quiz